Beyond the stars : the memoirs of Sergei Eisenstein (Record no. 115136)

MARC details
000 -LEADER
fixed length control field 00764nam a2200229Ia 4500
008 - FIXED-LENGTH DATA ELEMENTS--GENERAL INFORMATION
fixed length control field 191130s1995##################000#0#eng##
020 ## - INTERNATIONAL STANDARD BOOK NUMBER
ISBN 9788170460572
082 ## - DEWEY DECIMAL CLASSIFICATION NUMBER
Classification number 791.430233092 TAY
245 ## - TITLE STATEMENT
Title Beyond the stars : the memoirs of Sergei Eisenstein
Statement of responsibility, etc edited by Richard Taylor ; translated by William Powell
260 ## - PUBLICATION, DISTRIBUTION, ETC. (IMPRINT)
Place of publication Calcutta
Name of publisher Seagull Books
Year of publication 1995
300 ## - PHYSICAL DESCRIPTION
Number of Pages xxi, 889 p : ill., map ; 25 cm.
500 ## - GENERAL NOTE
General note Includes index
650 ## - SUBJECT ADDED ENTRY--TOPICAL TERM
Topical Term Eisenstein, Sergei, 1898-1948
Topical Term Motion picture producers and directors - Soviet Union - Biography
700 ## - ADDED ENTRY--PERSONAL NAME
Personal name Eisenstein, Sergei
Personal name Taylor, Richard
991 ## -
-- 381269
Holdings
Withdrawn status Lost status Damaged status Not for loan Home library Current library Shelving location Date acquired Full call number Accession Number Price effective from Koha item type
        Anna Centenary Library Anna Centenary Library 6TH FLOOR, B WING 12.10.2020 791.430233092 TAY 253772 12.10.2020 English Books

Find us on the map